American Serial Killers by Nickname - Statistics

General Stats
  • This quiz has been taken 374 times
  • The average score is 5 of 15
Answer Stats
Nickname Killer % Correct
Killer Clown John Wayne Gacy
96%
Night Stalker Richard Ramirez
83%
Milwaukee Canibal Jeffrey Dahmer
76%
BTK Strangler/BTK Killer Dennis Rader
63%
Green River Killer Gary Ridgway
59%
Son of Sam David Berkowitz
57%
Vampire of Sacramento Richard Trenton Chase
19%
Candy Man/Pied Piper Dean Corll
12%
Casanova Killer Paul John Knowles
10%
Gorilla Man Earle Nelson
9%
Machete Murderer Juan Vallejo Corona
8%
I-5 Killer/I-5 Bandit Randall Woodfield
6%
Kansas City Strangler Lorenzo Gilyard
5%
Southside Slayer Chester Turner
3%
Mad Dog Killer Leslie Irvin
1%
No matching quizzes found
Score Distribution
Percent of People with Each Score
Percentile by Number Answered
Your Score History
You have not taken this quiz